[Event "Goch op 14th"]
[Site "Goch"]
[Date "2003.??.??"]
[Round "5"]
[White "Eckert, Egon"]
[Black "Beckmann, Arne"]
[Result "1/2-1/2"]
[WhiteElo "2045"]
[BlackElo "1725"]
[PlyCount "35"]
[EventDate "2003.10.02"]
[EventType "swiss"]
[EventRounds "7"]
[EventCountry "GER"]
[SourceTitle "EXT 2006"]
[Source "ChessBase"]
[SourceDate "2005.11.24"]
[SourceVersion "1"]
[SourceVersionDate "2005.11.24"]
[SourceQuality "1"]

1. e4 e5 2. Nf3 Nc6 3. d4 exd4 4. Nxd4 Qf6 5. Be3 Bc5 6. c3 Nge7 7. Bc4 0-0 8. 0-0 Na5 9. Be2 Bb6 10. f4 c5 11. e5 Qh6 12. Nb5 Nf5 13. Qd2 Nxe3 14. Qxe3 d6 15. Kh1 dxe5 16. Qxe5 Qe6 17. Nd2 Re8 18. Qxe6 1/2-1/2

[Event "Goch op 14th"]
[Site "Goch"]
[Date "2003.??.??"]
[Round "7"]
[White "Eckert, Egon"]
[Black "Stotyn, Fabian"]
[Result "1-0"]
[WhiteElo "2045"]
[BlackElo "1790"]
[PlyCount "159"]
[EventDate "2003.10.02"]
[EventType "swiss"]
[EventRounds "7"]
[EventCountry "GER"]
[SourceTitle "EXT 2006"]
[Source "ChessBase"]
[SourceDate "2005.11.24"]
[SourceVersion "1"]
[SourceVersionDate "2005.11.24"]
[SourceQuality "1"]

1. e4 e6 2. d4 d5 3. exd5 exd5 4. c4 dxc4 5. Nc3 Nf6 6. Bxc4 Be7 7. Nf3 0-0 8. h3 a6 9. 0-0 b5 10. Bb3 Bb7 11. Re1 Nbd7 12. Qe2 Bb4 13. Bg5 h6 14. Bh4 g5 15. Bg3 Bxc3 16. bxc3 Ne4 17. Qd3 Ndf6 18. Be5 Bd5 19. Nd2 Nxd2 20. Bxf6 Qxf6 21. Bxd5 Rad8 22. Bxf7+ Rxf7 23. Qxd2 c5 24. Rad1 b4 25. d5 bxc3 26. Qc2 Rb8 27. Rb1 Rb4 28. a3 Rb5 29. f3 Qd4+ 30. Kh1 Kg7 31. Rbd1 Rb2 32. Rxd4 Rxc2 33. Rc4 Rd2 34. Rxc3 Rxd5 35. Re6 Rf6 36. Re4 h5 37. h4 Kg6 38. Kh2 Rb6 39. Ra4 gxh4 40. Rxh4 Rb2 41. Rh3 Kf6 42. Rg3 a5 43. Rc4 Rb3 44. Rf4+ Ke6 45. Ra4 c4 46. Rg6+ Kf5 47. Ra6 c3 48. Rc6 Kg5 49. Kh3 Rf5 50. Kg3 Rd5 51. Kh3 Kf5 52. Kh4 Rb1 53. Rxc3 Rb8 54. Rc6 Rbd8 55. Re4 Rd1 56. Rc5+ Kf6 57. Rf4+ Ke6 58. Rg5 Ra1 59. Ra4 Rh8 60. Raxa5 Rh1+ 61. Kg3 Rf1 62. Rxh5 Rg8+ 63. Rhg5 Rh8 64. Ra6+ Kf7 65. Rgg6 Rfh1 66. Rg4 Rg1 67. Kf2 Rb1 68. a4 Re8 69. Ra7+ Kf6 70. Re4 Rc8 71. Re2 Rc4 72. a5 Ra1 73. a6 Rca4 74. g4 R4a3 75. Kg3 Rg1+ 76. Kh2 Rga1 77. Rh7 Kg6 78. Ra7 Kg5 79. Ra8 Kf4 80. Kg2 1-0

[Event "Goch op 12th"]
[Site "Goch"]
[Date "2001.10.21"]
[Round "7"]
[White "Eckert, Egon"]
[Black "Bielmeier, Ludwig"]
[Result "0-1"]
[WhiteElo "2024"]
[BlackElo "2176"]
[PlyCount "90"]
[EventDate "2001.10.18"]
[EventType "swiss"]
[EventRounds "7"]
[EventCountry "GER"]
[SourceTitle "EXT 2004"]
[Source "ChessBase"]
[SourceDate "2003.11.25"]
[SourceVersion "1"]
[SourceVersionDate "2003.11.25"]
[SourceQuality "1"]

1. e4 c6 2. b3 d5 3. exd5 cxd5 4. Bb2 Nc6 5. Nf3 Bg4 6. Be2 Nf6 7. 0-0 e6 8. Ne5 Bxe2 9. Qxe2 Qc7 10. Nxc6 bxc6 11. d3 Bd6 12. h3 0-0 13. Nd2 e5 14. Rae1 Rfe8 15. a4 Qa5 16. Nf3 Nd7 17. Qd1 Qc7 18. Re2 Nf8 19. Rfe1 Ng6 20. Qa1 f6 21. Bc1 Qd7 22. Bd2 Rf8 23. Rf1 Qf5 24. Qc1 Rab8 25. Nh2 h5 26. Qd1 Rfd8 27. g4 hxg4 28. hxg4 Qd7 29. f3 Kf7 30. Rfe1 Rh8 31. Nf1 Nh4 32. Rf2 Rh7 33. Ng3 e4 34. f4 Nf3+ 35. Rxf3 exf3 36. Qxf3 Bc5+ 37. Kf1 Rh2 38. Re2 Rh3 39. Be1 Rbh8 40. Bf2 Bxf2 41. Kxf2 R8h4 42. f5 Qd6 43. Qe3 Rh2+ 44. Kf1 Rxe2 45. Qxe2 Qe5 0-1

[Event "Goch op 12th"]
[Site "Goch"]
[Date "2001.10.20"]
[Round "5"]
[White "Eckert, Egon"]
[Black "Huennekes, Theo"]
[Result "1/2-1/2"]
[WhiteElo "2024"]
[BlackElo "2142"]
[PlyCount "21"]
[EventDate "2001.10.18"]
[EventType "swiss"]
[EventRounds "7"]
[EventCountry "GER"]
[SourceTitle "EXT 2004"]
[Source "ChessBase"]
[SourceDate "2003.11.25"]
[SourceVersion "1"]
[SourceVersionDate "2003.11.25"]
[SourceQuality "1"]

1. e4 Nf6 2. Nc3 d6 3. d3 g6 4. Nf3 Bg7 5. Be2 0-0 6. 0-0 Nc6 7. Be3 a6 8. Re1 b5 9. a4 Rb8 10. axb5 axb5 11. b3 1/2-1/2

[Event "Goch op 12th"]
[Site "Goch"]
[Date "2001.10.19"]
[Round "2"]
[White "Becker, Marcel"]
[Black "Eckert, Egon"]
[Result "1/2-1/2"]
[WhiteElo "2304"]
[BlackElo "2024"]
[PlyCount "91"]
[EventDate "2001.10.18"]
[EventType "swiss"]
[EventRounds "7"]
[EventCountry "GER"]
[SourceTitle "EXT 2004"]
[Source "ChessBase"]
[SourceDate "2003.11.25"]
[SourceVersion "1"]
[SourceVersionDate "2003.11.25"]
[SourceQuality "1"]

1. d4 g6 2. c4 Bg7 3. e4 c6 4. Nc3 d6 5. f4 e5 6. dxe5 dxe5 7. Qxd8+ Kxd8 8. Nf3 Nd7 9. fxe5 Nxe5 10. Bf4 Nxf3+ 11. gxf3 Be6 12. 0-0-0+ Ke8 13. Bd3 Nf6 14. Rhe1 Nh5 15. Be3 Be5 16. Nd5 f6 17. f4 cxd5 18. exd5 Nxf4 19. dxe6 Nxe6 20. Be4 Rb8 21. Bd5 Ke7 22. Bxa7 Ra8 23. Bf2 Rxa2 24. Bg3 Ra1+ 25. Kd2 Rxd1+ 26. Kxd1 Kd6 27. b4 b5 28. Bxe6 Kxe6 29. Bxe5 fxe5 30. cxb5 Rb8 31. Kc2 Rxb5 32. Kc3 Kd5 33. Rd1+ Ke4 34. Kc4 Rb8 35. Re1+ Kf5 36. Rf1+ Ke6 37. b5 e4 38. Rb1 Ke5 39. b6 Kf4 40. b7 e3 41. Kd3 Kf3 42. Rf1+ Kg2 43. Rf7 Kxh2 44. Rxh7+ Kg3 45. Kxe3 g5 46. Kd4 1/2-1/2

[Event "Goch op 09th"]
[Site "Goch"]
[Date "1998.10.18"]
[Round "7"]
[White "Lamprecht, Mark"]
[Black "Eckert, Egon"]
[Result "1/2-1/2"]
[WhiteElo "2150"]
[BlackElo "2092"]
[PlyCount "28"]
[EventDate "1998.10.15"]
[EventType "swiss"]
[EventRounds "7"]
[EventCountry "GER"]
[SourceTitle "EXT 2002"]
[Source "ChessBase"]
[SourceDate "2001.11.25"]
[SourceVersion "1"]
[SourceVersionDate "2001.11.25"]
[SourceQuality "1"]

1. c4 d6 2. Nc3 c6 3. g3 Nf6 4. Bg2 g6 5. Nf3 Bg7 6. 0-0 0-0 7. d4 Bg4 8. h3 Bxf3 9. Bxf3 e6 10. Rb1 d5 11. cxd5 exd5 12. Bg5 Nbd7 13. e3 Re8 14. Qc2 Nf8 1/2-1/2

[Event "Leverkusen Bayer op 2nd"]
[Site "Leverkusen"]
[Date "1997.10.04"]
[Round "4"]
[White "Bielmeier, Ludwig"]
[Black "Eckert, Egon"]
[Result "1-0"]
[WhiteElo "2235"]
[BlackElo "2089"]
[PlyCount "77"]
[EventDate "1997.10.??"]
[EventType "swiss"]
[EventRounds "7"]
[EventCountry "GER"]
[SourceTitle "CBM 060 Extra"]
[Source "ChessBase"]
[SourceDate "1997.11.04"]
[SourceVersion "1"]
[SourceVersionDate "1997.11.04"]
[SourceQuality "1"]

1. d4 Nf6 2. Nf3 g6 3. c4 c5 4. Nc3 cxd4 5. Nxd4 Nc6 6. g3 d6 7. Bg2 Bd7 8. Nc2 Bg7 9. 0-0 0-0 10. b3 Rc8 11. Bb2 a6 12. Rb1 Qc7 13. Ne3 e6 14. Ba3 Qa5 15. Bb2 Qc7 16. Nc2 Rfd8 17. Qd2 Na5 18. Nd4 b6 19. Rfd1 Nc6 20. Nf3 Be8 21. Ng5 Ne7 22. Nce4 Nxe4 23. Nxe4 d5 24. Bxg7 Kxg7 25. Qb2+ Kh6 26. Nf6 dxc4 27. Ng4+ Kh5 28. Qf6 Nf5 29. Bf3 Bc6 30. e4 Bxe4 31. Bxe4 Kxg4 32. h3+ Kh5 33. g4+ Kh6 34. gxf5 exf5 35. Bd5 cxb3 36. Rd4 f4 37. axb3 Rd6 38. Qxf4+ Kg7 39. Rc4 1-0

[Event "Duesseldorf Nord Cup 1st"]
[Site "Duesseldorf"]
[Date "1995.??.??"]
[Round "7"]
[White "Eckert, Egon"]
[Black "Linke, Patrick"]
[Result "1-0"]
[WhiteElo "2045"]
[BlackElo "2125"]
[PlyCount "49"]
[EventDate "1995.06.02"]
[EventType "swiss"]
[EventRounds "7"]
[EventCountry "GER"]
[SourceTitle "EXT 1999"]
[Source "ChessBase"]
[SourceDate "1998.11.16"]
[SourceVersion "1"]
[SourceVersionDate "1998.11.16"]
[SourceQuality "1"]

1. e4 e5 2. Nf3 Nc6 3. d4 exd4 4. Nxd4 Bc5 5. Be3 Qf6 6. c3 Nge7 7. Bc4 d6 8. 0-0 Nxd4 9. cxd4 Bb6 10. Nc3 c6 11. e5 dxe5 12. dxe5 Qxe5 13. Bxb6 axb6 14. Re1 Qc7 15. Qe2 Bf5 16. Rad1 Kf8 17. Qf3 Bg6 18. Ne4 Ng8 19. Qh3 Rd8 20. Qa3+ c5 21. Nxc5 Ne7 22. Rxd8+ Qxd8 23. Nxb7 Qc7 24. Nd6 Qd8 25. Nc8 1-0

[Event "Goch op 06th"]
[Site "Goch"]
[Date "1995.??.??"]
[Round "4"]
[White "Ennenbach, Ralph"]
[Black "Eckert, Egon"]
[Result "1/2-1/2"]
[WhiteElo "2245"]
[BlackElo "2085"]
[PlyCount "48"]
[EventDate "1995.10.??"]
[EventType "swiss"]
[EventRounds "7"]
[EventCountry "GER"]
[SourceTitle "EXT 1999"]
[Source "ChessBase"]
[SourceDate "1998.11.16"]
[SourceVersion "1"]
[SourceVersionDate "1998.11.16"]
[SourceQuality "1"]

1. e4 d6 2. d4 Nf6 3. Nc3 g6 4. Be3 Bg7 5. Qd2 Ng4 6. Bg5 h6 7. Bh4 Nc6 8. f3 Nf6 9. Bc4 e5 10. dxe5 Nxe5 11. Bb3 Be6 12. 0-0-0 Bxb3 13. cxb3 Qd7 14. f4 Nc6 15. Nf3 0-0-0 16. Rhe1 Qg4 17. h3 Qh5 18. Nd5 g5 19. Nxf6 Bxf6 20. fxg5 hxg5 21. Bxg5 Bxg5 22. Qxg5 Qxg5+ 23. Nxg5 Rdg8 24. Nf3 Rxg2 1/2-1/2